La Amazoní­a perdida: El viaje fotográfico del legendario botánico Richard Evans Schultes / Biblioteca Luis Angel Arango; presentación José Darí­o Uribe; curadurí­a Wade Davis... /et al. (Record no. 16400)

MARC details
000 -LEADER
campo de control de longitud fija 00525nam a2200133Ia 4500
008 - DATOS DE LONGITUD FIJA--INFORMACIÓN GENERAL
campo de control de longitud fija 231129s2009||||xx |||||||||||||| ||spa||
040 ## - FUENTE DE CATALOGACIÓN
Lengua de catalogación spa
082 ## - NÚMERO DE LA CLASIFICACIÓN DECIMAL DEWEY
Número de clasificación 918.617 B213a
100 ## - ENTRADA PRINCIPAL--NOMBRE DE PERSONA
Nombre de persona Richard Evans Schultes
245 #0 - MENCIÓN DEL TÍTULO
Título La Amazoní­a perdida: El viaje fotográfico del legendario botánico Richard Evans Schultes / Biblioteca Luis Angel Arango; presentación José Darí­o Uribe; curadurí­a Wade Davis... /et al.
260 ## - PUBLICACIÓN, DISTRIBUCIÓN, ETC.
Fecha de publicación, distribución, etc. 2009
264 ## - PRODUCCIÓN, PUBLICACIÓN, DISTRIBUCIÓN, FABRICACIÓN Y COPYRIGHT
Producción, publicación, distribución, fabricación y copyright Banco de la República. Biblioteca Luis Angel Arango
942 ## - ELEMENTOS DE ENTRADA SECUNDARIOS (KOHA)
Fuente del sistema de clasificación o colocación Clasificación Decimal Dewey
Tipo de ítem Koha
Holdings
Estatus retirado Estado de pérdida Fuente del sistema de clasificación o colocación Estado de daño No para préstamo Biblioteca de origen Biblioteca actual Fecha de adquisición Total de préstamos Signatura topográfica completa Código de barras Visto por última vez Copia número Precio de reemplazo Tipo de ítem Koha
    Clasificación Decimal Dewey     BIBLIOTECA PÚBLICA MUNICIPAL RAMON CORREA MEJIA BIBLIOTECA PÚBLICA MUNICIPAL RAMON CORREA MEJIA 01/07/2011   918.617 B213a 30727 29/11/2023 1 29/11/2023 Libros

Powered by Koha